[Event "WYCC Girls U14"]
[Site "Porto Carras"]
[Date "2015.10.29"]
[Round "5.12"]
[White "Liu, Joanna"]
[Black "Gajcin, Marina"]
[Result "0-1"]
[BlackElo "2017"]
[WhiteElo "1857"]
[LiveChessVersion "1.4.6"]

1. d4 {[%clk 1:30:52]} Nf6 {[%clk 1:30:52]} 2. c4 {[%clk 1:31:17]} g6
{[%clk 1:31:00]} 3. Nc3 {[%clk 1:31:39]} d5 {[%clk 1:31:20]} 4. Nf3
{[%clk 1:32:03]} Bg7 {[%clk 1:31:41]} 5. Bg5 {[%clk 1:32:29]} dxc4
{[%clk 1:31:48]} 6. e4 {[%clk 1:32:51]} c5 {[%clk 1:31:56]} 7. d5
{[%clk 1:33:11]} b5 {[%clk 1:32:06]} 8. e5 {[%clk 1:33:35]} b4 {[%clk 1:32:18]}
9. exf6 {[%clk 1:33:53]} exf6 {[%clk 1:32:38]} 10. Be3 {[%clk 1:34:15]} bxc3
{[%clk 1:32:52]} 11. bxc3 {[%clk 1:34:38]} Qa5 {[%clk 1:18:23]} 12. Bxc4
{[%clk 1:34:35]} O-O {[%clk 1:14:20]} 13. O-O {[%clk 1:34:01]} Nd7
{[%clk 1:10:21]} 14. Rc1 {[%clk 1:23:59]} f5 {[%clk 1:04:35]} 15. Qd2
{[%clk 1:21:55]} Bb7 {[%clk 0:59:18]} 16. Bh6 {[%clk 1:09:51]} Nb6
{[%clk 0:54:59]} 17. Bxg7 {[%clk 1:03:11]} Kxg7 {[%clk 0:55:20]} 18. Bd3
{[%clk 0:43:02]} Nxd5 {[%clk 0:46:18]} 19. Rb1 {[%clk 0:30:58]} Rab8
{[%clk 0:33:55]} 20. Rb5 {[%clk 0:25:22]} Qxc3 {[%clk 0:31:59]} 21. Qxc3+
{[%clk 0:25:42]} Nxc3 {[%clk 0:32:27]} 22. Rxc5 {[%clk 0:25:46]} Nxa2
{[%clk 0:23:26]} 23. Ra1 {[%clk 0:17:28]} Nb4 {[%clk 0:23:42]} 24. Be2
{[%clk 0:17:35]} a6 {[%clk 0:20:30]} 25. Ne5 {[%clk 0:15:24]} Rbc8
{[%clk 0:16:28]} 26. Rca5 {[%clk 0:13:08]} Rc2 {[%clk 0:14:32]} 27. Bf1
{[%clk 0:12:55]} Rfc8 {[%clk 0:05:54]} 28. Rb1 {[%clk 0:10:31]} Nc6
{[%clk 0:06:15]} 29. Nxc6 {[%clk 0:10:28]} Bxc6 {[%clk 0:06:40]} 30. Rxa6
{[%clk 0:10:40]} Be4 {[%clk 0:06:59]} 31. Rd1 {[%clk 0:09:56]} Rc1
{[%clk 0:06:06]} 32. Ra1 {[%clk 0:10:11]} Rxd1 {[%clk 0:05:29]} 33. Rxd1
{[%clk 0:10:34]} Rc2 {[%clk 0:05:20]} 34. f3 {[%clk 0:10:35]} Bc6
{[%clk 0:04:58]} 35. Bd3 {[%clk 0:10:02]} Rc3 {[%clk 0:04:51]} 36. Rd2
{[%clk 0:09:23]} Ba4 {[%clk 0:04:26]} 37. Kf2 {[%clk 0:09:19]} Kf6
{[%clk 0:04:33]} 38. f4 {[%clk 0:08:08]} h6 {[%clk 0:03:39]} 39. h4
{[%clk 0:07:42]} Rc1 {[%clk 0:03:32]} 40. Ra2 {[%clk 0:36:00]} Bb3
{[%clk 0:33:07]} 41. Rb2 {[%clk 0:35:08]} Bd5 {[%clk 0:30:49]} 42. Bf1
{[%clk 0:30:23]} Ke7 {[%clk 0:29:23]} 43. Rd2 {[%clk 0:29:52]} Kd6
{[%clk 0:27:21]} 44. g3 {[%clk 0:28:50]} Kc5 {[%clk 0:26:43]} 45. Bg2
{[%clk 0:27:05]} Bc4 {[%clk 0:26:18]} 46. Bf3 {[%clk 0:25:33]} Rf1+
{[%clk 0:19:11]} 47. Kg2 {[%clk 0:25:26]} Re1 {[%clk 0:19:32]} 48. Kf2
{[%clk 0:24:59]} Re7 {[%clk 0:19:40]} 49. Rd8 {[%clk 0:19:48]} Ra7
{[%clk 0:16:06]} 50. Rc8+ {[%clk 0:15:05]} Kd4 {[%clk 0:16:09]} 51. Be2
{[%clk 0:12:17]} Bd5 {[%clk 0:15:38]} 52. Rc2 {[%clk 0:11:45]} Ra3
{[%clk 0:13:29]} 53. Rd2+ {[%clk 0:11:24]} Kc5 {[%clk 0:13:44]} 54. Rc2+
{[%clk 0:10:34]} Kd6 {[%clk 0:13:57]} 55. Rd2 {[%clk 0:10:31]} Rc3
{[%clk 0:14:16]} 56. Rd3 {[%clk 0:09:28]} Rc2 {[%clk 0:14:28]} 57. Ke3
{[%clk 0:09:24]} Kc5 {[%clk 0:14:15]} 58. Bf3 {[%clk 0:08:49]} Bc4
{[%clk 0:13:49]} 59. Rd2 {[%clk 0:08:53]} Rc1 {[%clk 0:13:03]} 60. Kf2
{[%clk 0:08:11]} Kb4 {[%clk 0:11:28]} 61. Be2 {[%clk 0:07:47]} Kc3
{[%clk 0:11:31]} 62. Rd1 {[%clk 0:05:54]} Rc2 {[%clk 0:11:53]} 63. Re1
{[%clk 0:05:48]} Bxe2 {[%clk 0:09:58]} 64. Rxe2 {[%clk 0:06:13]} Rxe2+
{[%clk 0:10:24]} 65. Kxe2 {[%clk 0:06:39]} Kc2 {[%clk 0:10:07]} 66. Ke3
{[%clk 0:06:16]} h5 {[%clk 0:07:58]} 67. Kd4 {[%clk 0:04:31]} Kd2
{[%clk 0:08:18]} 68. Ke5 {[%clk 0:04:44]} Ke3 {[%clk 0:08:44]} 69. Kf6
{[%clk 0:05:10]} Kf3 {[%clk 0:09:11]} 70. Kxf7 {[%clk 0:05:32]} Kxg3
{[%clk 0:09:36]} 71. Kxg6 {[%clk 0:05:53]} Kg4 {[%clk 0:10:03]} 0-1

[Event "WYCC Girls U14"]
[Site "Porto Carras"]
[Date "2015.10.31"]
[Round "6.1"]
[White "Shuvalova, Polina"]
[Black "Badelka, Olga"]
[Result "0-1"]
[BlackElo "2145"]
[WhiteElo "2171"]
[LiveChessVersion "1.4.6"]

1. e4 {[%clk 1:30:57]} d5 {[%clk 1:30:53]} 2. exd5 {[%clk 1:31:24]} Qxd5
{[%clk 1:31:19]} 3. Nc3 {[%clk 1:31:50]} Qd6 {[%clk 1:31:43]} 4. d4
{[%clk 1:32:14]} Nf6 {[%clk 1:32:07]} 5. Nf3 {[%clk 1:32:40]} c6 {[%clk 1:32:29]}
6. Ne5 {[%clk 1:32:14]} Nbd7 {[%clk 1:32:51]} 7. f4 {[%clk 1:32:38]} Nb6
{[%clk 1:30:55]} 8. Be2 {[%clk 1:27:42]} g6 {[%clk 1:29:59]} 9. a4
{[%clk 1:16:11]} Bg7 {[%clk 1:26:57]} 10. b3 {[%clk 1:14:42]} O-O
{[%clk 1:24:35]} 11. Ba3 {[%clk 1:14:32]} Qc7 {[%clk 1:24:43]} 12. Bf3
{[%clk 1:11:10]} Nbd5 {[%clk 1:20:37]} 13. Ne2 {[%clk 1:07:46]} Bf5
{[%clk 1:17:55]} 14. Qd2 {[%clk 0:51:08]} Rad8 {[%clk 1:04:31]} 15. c4
{[%clk 0:48:32]} Nb6 {[%clk 1:03:26]} 16. Qe3 {[%clk 0:46:33]} h5
{[%clk 0:54:27]} 17. h3 {[%clk 0:43:01]} h4 {[%clk 0:49:41]} 18. g4
{[%clk 0:42:07]} Bc8 {[%clk 0:42:30]} 19. O-O {[%clk 0:37:10]} Rfe8
{[%clk 0:41:36]} 20. Qf2 {[%clk 0:36:56]} Nbd7 {[%clk 0:39:58]} 21. Rad1
{[%clk 0:28:27]} c5 {[%clk 0:38:06]} 22. g5 {[%clk 0:23:36]} Nh7 {[%clk 0:36:46]}
23. Nxf7 {[%clk 0:16:07]} Kxf7 {[%clk 0:36:13]} 24. f5 {[%clk 0:16:18]} Kg8
{[%clk 0:31:57]} 25. Bd5+ {[%clk 0:15:27]} e6 {[%clk 0:22:33]} 26. fxe6
{[%clk 0:15:50]} Kh8 {[%clk 0:22:37]} 27. exd7 {[%clk 0:13:41]} Qxd7
{[%clk 0:22:30]} 28. Nf4 {[%clk 0:12:40]} Qf5 {[%clk 0:21:42]} 29. Bxc5
{[%clk 0:12:02]} b6 {[%clk 0:21:17]} 30. Ba3 {[%clk 0:11:53]} Qxg5+
{[%clk 0:19:27]} 31. Kh1 {[%clk 0:09:38]} Bf5 {[%clk 0:18:00]} 32. Rg1
{[%clk 0:09:27]} Qh6 {[%clk 0:17:09]} 33. Bc1 {[%clk 0:04:23]} g5
{[%clk 0:17:16]} 34. Ng2 {[%clk 0:03:57]} Bxh3 {[%clk 0:16:57]} 35. Ne3
{[%clk 0:04:01]} Qd6 {[%clk 0:09:23]} 36. Nf5 {[%clk 0:02:12]} Qf6
{[%clk 0:08:36]} 37. Rxg5 {[%clk 0:01:50]} Rxd5 {[%clk 0:02:51]} 38. cxd5
{[%clk 0:01:43]} Nxg5 {[%clk 0:02:33]} 39. Bxg5 {[%clk 0:01:06]} Qxf5
{[%clk 0:01:43]} 40. Bf4 {[%clk 0:30:56]} Qxd5+ {[%clk 0:31:30]} 41. Kh2
{[%clk 0:29:19]} Qh5 {[%clk 0:25:43]} 42. Re1 {[%clk 0:26:01]} Rxe1
{[%clk 0:25:28]} 43. Qxe1 {[%clk 0:26:27]} Bd7 {[%clk 0:24:57]} 44. Qe3
{[%clk 0:20:42]} Qf5 {[%clk 0:24:08]} 45. Be5 {[%clk 0:20:16]} Bxe5+
{[%clk 0:23:04]} 46. dxe5 {[%clk 0:20:34]} h3 {[%clk 0:20:42]} 47. Qc3
{[%clk 0:18:12]} Qf2+ {[%clk 0:20:48]} 0-1

[Event "WYCC Girls U14"]
[Site "Porto Carras"]
[Date "2015.10.31"]
[Round "6.2"]
[White "Vaishali, R"]
[Black "Kalaiyalahan, Akshaya"]
[Result "1-0"]
[BlackElo "2233"]
[WhiteElo "2314"]
[LiveChessVersion "1.4.6"]

1. e4 {[%clk 1:30:20]} c5 {[%clk 1:30:51]} 2. b3 {[%clk 1:30:42]} Nc6
{[%clk 1:28:09]} 3. Bb2 {[%clk 1:31:05]} d6 {[%clk 1:26:56]} 4. Nc3
{[%clk 1:30:05]} Nf6 {[%clk 1:25:18]} 5. f4 {[%clk 1:27:34]} a6 {[%clk 1:18:44]}
6. Nf3 {[%clk 1:25:11]} e6 {[%clk 1:15:27]} 7. Bd3 {[%clk 1:20:05]} d5
{[%clk 0:56:26]} 8. e5 {[%clk 0:54:00]} Nd7 {[%clk 0:56:24]} 9. a3
{[%clk 0:52:43]} Be7 {[%clk 0:54:14]} 10. Ne2 {[%clk 0:51:54]} Qc7
{[%clk 0:39:54]} 11. Ng3 {[%clk 0:48:16]} g6 {[%clk 0:37:29]} 12. c4
{[%clk 0:46:05]} d4 {[%clk 0:37:22]} 13. Ne4 {[%clk 0:45:57]} b6 {[%clk 0:35:00]}
14. O-O {[%clk 0:37:18]} a5 {[%clk 0:31:14]} 15. Qe2 {[%clk 0:13:50]} h6
{[%clk 0:25:40]} 16. Nf2 {[%clk 0:08:39]} Bb7 {[%clk 0:25:19]} 17. Be4
{[%clk 0:08:35]} g5 {[%clk 0:19:47]} 18. fxg5 {[%clk 0:07:58]} hxg5
{[%clk 0:19:55]} 19. Ng4 {[%clk 0:07:03]} O-O-O {[%clk 0:19:30]} 20. d3
{[%clk 0:05:17]} Kb8 {[%clk 0:15:48]} 21. Bc1 {[%clk 0:04:40]} Rdg8
{[%clk 0:12:57]} 22. h3 {[%clk 0:03:16]} f5 {[%clk 0:10:39]} 23. exf6
{[%clk 0:03:35]} Nxf6 {[%clk 0:11:05]} 24. Nxf6 {[%clk 0:02:51]} Bxf6
{[%clk 0:11:30]} 25. Nh2 {[%clk 0:03:15]} Bd8 {[%clk 0:09:53]} 26. Ng4
{[%clk 0:03:04]} Ne5 {[%clk 0:07:38]} 27. Bxb7 {[%clk 0:01:54]} Nxg4
{[%clk 0:08:04]} 28. Qxg4 {[%clk 0:02:18]} Qxb7 {[%clk 0:08:30]} 29. b4
{[%clk 0:02:00]} axb4 {[%clk 0:05:06]} 30. axb4 {[%clk 0:02:29]} cxb4
{[%clk 0:05:20]} 31. Bd2 {[%clk 0:02:01]} Qc6 {[%clk 0:03:43]} 32. Rf7
{[%clk 0:01:36]} Rh4 {[%clk 0:03:34]} 33. Bf4+ {[%clk 0:01:36]} Kc8
{[%clk 0:04:01]} 34. Qxe6+ {[%clk 0:01:57]} 1-0

[Event "WYCC Girls U14"]
[Site "Porto Carras"]
[Date "2015.10.31"]
[Round "6.3"]
[White "Gajcin, Marina"]
[Black "Antova, Gabriela"]
[Result "0-1"]
[BlackElo "2165"]
[WhiteElo "2017"]
[LiveChessVersion "1.4.6"]

1. e4 {[%clk 1:30:57]} c5 {[%clk 1:30:54]} 2. Nf3 {[%clk 1:31:23]} d6
{[%clk 1:31:20]} 3. Bb5+ {[%clk 1:31:30]} Nd7 {[%clk 1:31:42]} 4. c3
{[%clk 1:31:41]} a6 {[%clk 1:31:12]} 5. Ba4 {[%clk 1:31:35]} b5 {[%clk 1:30:49]}
6. Bc2 {[%clk 1:31:46]} Ngf6 {[%clk 1:31:05]} 7. Qe2 {[%clk 1:31:46]} e5
{[%clk 1:30:41]} 8. O-O {[%clk 1:31:28]} Be7 {[%clk 1:30:12]} 9. d4
{[%clk 1:31:09]} O-O {[%clk 1:30:10]} 10. a4 {[%clk 1:28:53]} Rb8
{[%clk 1:27:47]} 11. axb5 {[%clk 1:24:22]} axb5 {[%clk 1:27:51]} 12. Na3
{[%clk 1:24:05]} Qb6 {[%clk 1:21:47]} 13. dxc5 {[%clk 1:22:26]} dxc5
{[%clk 1:21:47]} 14. c4 {[%clk 1:22:00]} b4 {[%clk 1:17:10]} 15. Nb5
{[%clk 1:20:01]} Bb7 {[%clk 1:12:49]} 16. Rd1 {[%clk 1:10:08]} Ra8
{[%clk 0:56:10]} 17. Bg5 {[%clk 0:59:41]} Rxa1 {[%clk 0:52:18]} 18. Rxa1
{[%clk 1:00:05]} h6 {[%clk 0:52:28]} 19. Bh4 {[%clk 0:56:09]} Bc6
{[%clk 0:47:22]} 20. h3 {[%clk 0:46:21]} Rd8 {[%clk 0:37:55]} 21. Nd2
{[%clk 0:37:36]} Nf8 {[%clk 0:36:54]} 22. Bg3 {[%clk 0:33:28]} Ng6
{[%clk 0:34:28]} 23. Nf1 {[%clk 0:20:50]} Ra8 {[%clk 0:24:35]} 24. Rxa8+
{[%clk 0:17:19]} Bxa8 {[%clk 0:25:04]} 25. Ne3 {[%clk 0:09:40]} Qa5
{[%clk 0:19:32]} 26. Nd5 {[%clk 0:06:22]} Qa1+ {[%clk 0:17:42]} 27. Qd1
{[%clk 0:05:15]} Qxd1+ {[%clk 0:17:00]} 28. Bxd1 {[%clk 0:05:45]} Bd8
{[%clk 0:14:19]} 29. f3 {[%clk 0:04:01]} Bc6 {[%clk 0:13:18]} 30. Bf2
{[%clk 0:02:31]} Nd7 {[%clk 0:12:52]} 31. Nd6 {[%clk 0:02:04]} Nf4
{[%clk 0:11:26]} 32. Nxf4 {[%clk 0:02:09]} exf4 {[%clk 0:11:55]} 33. g3
{[%clk 0:02:02]} Bf6 {[%clk 0:11:26]} 34. b3 {[%clk 0:01:38]} fxg3
{[%clk 0:09:24]} 35. Bxg3 {[%clk 0:02:03]} Be5 {[%clk 0:09:08]} 36. Nf5
{[%clk 0:01:38]} Kf8 {[%clk 0:09:26]} 37. f4 {[%clk 0:02:00]} Bxe4
{[%clk 0:09:05]} 38. fxe5 {[%clk 0:02:01]} Bxf5 {[%clk 0:09:33]} 39. Bg4
{[%clk 0:00:55]} Bxg4 {[%clk 0:09:22]} 40. hxg4 Ke7 {[%clk 0:39:25]} 0-1

[Event "WYCC Girls U14"]
[Site "Porto Carras"]
[Date "2015.10.31"]
[Round "6.4"]
[White "Balajayeva, Khanim"]
[Black "Obolentseva, Alexandra"]
[Result "0-1"]
[BlackElo "2084"]
[WhiteElo "2164"]
[LiveChessVersion "1.4.6"]

1. e4 {[%clk 1:30:58]} c5 {[%clk 1:30:56]} 2. c3 {[%clk 1:31:25]} Nf6
{[%clk 1:31:19]} 3. e5 {[%clk 1:31:52]} Nd5 {[%clk 1:31:43]} 4. d4
{[%clk 1:32:18]} cxd4 {[%clk 1:32:06]} 5. Nf3 {[%clk 1:32:46]} Nc6
{[%clk 1:32:28]} 6. cxd4 {[%clk 1:33:11]} d6 {[%clk 1:32:17]} 7. Bc4
{[%clk 1:33:35]} Nb6 {[%clk 1:32:39]} 8. Bb5 {[%clk 1:34:00]} Bd7
{[%clk 1:32:53]} 9. Nc3 {[%clk 1:33:50]} dxe5 {[%clk 1:33:16]} 10. dxe5
{[%clk 1:32:20]} g6 {[%clk 1:29:02]} 11. O-O {[%clk 1:31:52]} Bg7
{[%clk 1:29:23]} 12. Qe2 {[%clk 1:30:16]} O-O {[%clk 1:28:45]} 13. Rd1
{[%clk 1:17:36]} Qc8 {[%clk 1:27:38]} 14. Be3 {[%clk 1:15:00]} Be6
{[%clk 1:21:12]} 15. Rac1 {[%clk 1:10:53]} Nd7 {[%clk 1:18:07]} 16. Bf4
{[%clk 0:59:31]} Nb6 {[%clk 1:13:52]} 17. Qe3 {[%clk 0:45:41]} Rd8
{[%clk 1:11:11]} 18. Bxc6 {[%clk 0:41:08]} Rxd1+ {[%clk 1:08:55]} 19. Nxd1
{[%clk 0:40:03]} bxc6 {[%clk 1:09:07]} 20. Qa3 {[%clk 0:33:32]} Qd7
{[%clk 1:07:17]} 21. Ne3 {[%clk 0:33:11]} Nc4 {[%clk 1:03:41]} 22. Nxc4
{[%clk 0:27:40]} Bxc4 {[%clk 1:04:02]} 23. h3 {[%clk 0:20:04]} Bd5
{[%clk 1:03:31]} 24. Qd3 {[%clk 0:18:43]} Rd8 {[%clk 1:02:16]} 25. b3
{[%clk 0:16:21]} a5 {[%clk 1:00:36]} 26. Nd2 {[%clk 0:13:45]} g5 {[%clk 0:50:19]}
27. Bxg5 {[%clk 0:10:53]} Bxe5 {[%clk 0:50:38]} 28. Nc4 {[%clk 0:09:54]} Bc7
{[%clk 0:50:24]} 29. Re1 {[%clk 0:09:24]} f6 {[%clk 0:50:32]} 30. Bh4
{[%clk 0:07:46]} Kh8 {[%clk 0:48:09]} 31. Ne3 {[%clk 0:06:41]} Be6
{[%clk 0:46:29]} 32. Qe4 {[%clk 0:02:09]} Be5 {[%clk 0:44:11]} 33. Nc4
{[%clk 0:01:02]} Bxc4 {[%clk 0:43:51]} 34. Qxc4 {[%clk 0:01:10]} Qd5
{[%clk 0:42:38]} 35. Qf1 {[%clk 0:00:48]} Qd4 {[%clk 0:42:27]} 36. g3
{[%clk 0:00:54]} a4 {[%clk 0:39:33]} 37. bxa4 {[%clk 0:01:01]} c5
{[%clk 0:39:38]} 38. a5 {[%clk 0:00:46]} c4 {[%clk 0:39:23]} 39. a6
{[%clk 0:01:00]} c3 {[%clk 0:39:27]} 40. Rc1 {[%clk 0:31:00]} Qd2
{[%clk 1:09:03]} 41. a7 {[%clk 0:22:31]} c2 {[%clk 1:09:21]} 42. Kh2
{[%clk 0:22:57]} Bb2 {[%clk 1:07:31]} 43. Qg2 {[%clk 0:21:35]} Bxc1
{[%clk 1:07:50]} 44. a8=Q {[%clk 0:21:54]} Bb2 {[%clk 1:07:49]} 45. Qab7
{[%clk 0:19:58]} c1=Q {[%clk 1:07:49]} 46. Qxe7 {[%clk 0:20:04]} Qcc3
{[%clk 1:07:46]} 47. Qf1 {[%clk 0:16:12]} Qcd4 {[%clk 1:06:42]} 48. Kg2
{[%clk 0:16:24]} Qd6 {[%clk 1:06:19]} 49. Qa7 {[%clk 0:15:59]} Q6d5+
{[%clk 1:06:28]} 50. Kh2 {[%clk 0:15:40]} Q5d4 {[%clk 1:06:50]} 51. Bxf6+
{[%clk 0:14:11]} Qxf6 {[%clk 1:07:11]} 52. Kg2 {[%clk 0:13:10]} Qd5+
{[%clk 1:07:29]} 53. Kg1 {[%clk 0:13:06]} Bd4 {[%clk 1:07:43]} 54. Qa4
{[%clk 0:13:14]} Bxf2+ {[%clk 1:07:57]} 55. Qxf2 {[%clk 0:13:40]} Qxf2+
{[%clk 1:08:21]} 56. Kxf2 {[%clk 0:14:07]} Qd4+ {[%clk 1:08:47]} 0-1

[Event "WYCC Girls U14"]
[Site "Porto Carras"]
[Date "2015.10.31"]
[Round "6.5"]
[White "Grigoryan, Arpine"]
[Black "Radeva, Viktoria"]
[Result "1/2-1/2"]
[BlackElo "2145"]
[WhiteElo "1946"]
[LiveChessVersion "1.4.6"]

1. e4 {[%clk 1:30:57]} c6 {[%clk 1:30:55]} 2. d4 {[%clk 1:31:23]} d5
{[%clk 1:31:20]} 3. Nc3 {[%clk 1:31:49]} dxe4 {[%clk 1:31:43]} 4. Nxe4
{[%clk 1:32:16]} Bf5 {[%clk 1:32:03]} 5. Ng3 {[%clk 1:32:41]} Bg6
{[%clk 1:32:26]} 6. Nf3 {[%clk 1:33:08]} Nd7 {[%clk 1:32:43]} 7. h4
{[%clk 1:33:32]} h6 {[%clk 1:32:58]} 8. h5 {[%clk 1:33:52]} Bh7 {[%clk 1:33:22]}
9. Bd3 {[%clk 1:34:20]} Bxd3 {[%clk 1:33:43]} 10. Qxd3 {[%clk 1:34:42]} e6
{[%clk 1:34:04]} 11. Bd2 {[%clk 1:35:00]} Ngf6 {[%clk 1:34:10]} 12. O-O-O
{[%clk 1:35:12]} Be7 {[%clk 1:34:08]} 13. Ne4 {[%clk 1:35:15]} Nxe4
{[%clk 1:33:42]} 14. Qxe4 {[%clk 1:32:20]} Nf6 {[%clk 1:34:01]} 15. Qe2
{[%clk 1:32:44]} Qd5 {[%clk 1:33:59]} 16. c4 {[%clk 1:32:38]} Qe4
{[%clk 1:33:21]} 17. Qxe4 {[%clk 1:32:25]} Nxe4 {[%clk 1:33:45]} 18. Be3
{[%clk 1:32:52]} Rd8 {[%clk 1:32:10]} 19. Ne5 {[%clk 1:31:58]} O-O
{[%clk 1:28:49]} 20. g4 {[%clk 1:29:24]} c5 {[%clk 1:16:19]} 21. f3
{[%clk 1:20:07]} cxd4 {[%clk 1:11:27]} 22. Bxd4 {[%clk 1:19:50]} Bc5
{[%clk 0:55:30]} 23. Bxc5 {[%clk 1:14:05]} Nxc5 {[%clk 0:55:49]} 24. b4
{[%clk 1:13:38]} Na6 {[%clk 0:50:32]} 25. a3 {[%clk 1:12:13]} Rfe8
{[%clk 0:45:56]} 26. Rxd8 {[%clk 0:57:40]} Rxd8 {[%clk 0:45:48]} 27. Rd1
{[%clk 0:58:04]} Rxd1+ {[%clk 0:45:55]} 28. Kxd1 {[%clk 0:58:30]} Kf8
{[%clk 0:40:37]} 29. Kc2 {[%clk 0:54:41]} Ke7 {[%clk 0:39:51]} 30. Kc3
{[%clk 0:49:19]} f6 {[%clk 0:34:47]} 31. Ng6+ {[%clk 0:37:16]} Kd6
{[%clk 0:33:45]} 1/2-1/2

[Event "WYCC Girls U14"]
[Site "Porto Carras"]
[Date "2015.10.31"]
[Round "6.6"]
[White "Kovacs, Judit"]
[Black "Goltseva, Ekaterina"]
[Result "0-1"]
[BlackElo "2114"]
[WhiteElo "1950"]
[LiveChessVersion "1.4.6"]

1. Nf3 {[%clk 1:30:57]} c5 {[%clk 1:30:53]} 2. c4 {[%clk 1:31:21]} g6
{[%clk 1:31:20]} 3. g3 {[%clk 1:31:41]} Bg7 {[%clk 1:31:43]} 4. Bg2
{[%clk 1:32:02]} Nc6 {[%clk 1:32:08]} 5. Nc3 {[%clk 1:32:20]} d6 {[%clk 1:32:24]}
6. O-O {[%clk 1:32:23]} Bf5 {[%clk 1:32:31]} 7. b3 {[%clk 1:20:39]} Qd7
{[%clk 1:31:40]} 8. Bb2 {[%clk 1:17:56]} Bh3 {[%clk 1:28:26]} 9. e3
{[%clk 1:10:44]} Bg4 10. Qb1 {[%clk 0:59:56]} Bf5 {[%clk 1:08:06]} 11. e4
{[%clk 0:57:26]} Bg4 {[%clk 1:08:03]} 12. Nd5 {[%clk 0:54:39]} Kf8
{[%clk 0:59:22]} 13. b4 {[%clk 0:44:19]} Bxf3 {[%clk 0:52:14]} 14. Bxg7+
{[%clk 0:38:54]} Kxg7 {[%clk 0:52:17]} 15. Bxf3 {[%clk 0:39:14]} e6
{[%clk 0:51:24]} 16. Qb2+ {[%clk 0:37:07]} f6 {[%clk 0:49:31]} 17. Nf4
{[%clk 0:33:02]} e5 {[%clk 0:36:47]} 18. Nd5 {[%clk 0:31:53]} cxb4
{[%clk 0:35:47]} 19. Nxb4 {[%clk 0:31:20]} Nge7 {[%clk 0:35:11]} 20. Rab1
{[%clk 0:29:47]} Nd4 {[%clk 0:34:42]} 21. Bg2 {[%clk 0:26:41]} Rab8
{[%clk 0:31:45]} 22. a4 {[%clk 0:23:47]} Qxa4 {[%clk 0:26:54]} 23. Ra1
{[%clk 0:19:24]} Qb3 {[%clk 0:27:05]} 24. Qxb3 {[%clk 0:19:21]} Nxb3
{[%clk 0:27:29]} 25. Rxa7 {[%clk 0:19:39]} Nxd2 {[%clk 0:26:56]} 26. Rc1
{[%clk 0:17:46]} Rhc8 {[%clk 0:21:51]} 27. Na6 {[%clk 0:11:46]} Nc6
{[%clk 0:20:36]} 28. Nxb8 {[%clk 0:12:04]} Nxa7 {[%clk 0:20:59]} 29. Nd7
{[%clk 0:12:27]} Rxc4 {[%clk 0:20:38]} 30. Rd1 {[%clk 0:12:13]} Rd4
{[%clk 0:20:30]} 31. Nb6 {[%clk 0:11:11]} Nc6 {[%clk 0:20:18]} 32. f3
{[%clk 0:09:29]} Kf7 {[%clk 0:19:45]} 33. Ra1 {[%clk 0:08:40]} Nb3
{[%clk 0:19:40]} 34. Ra8 {[%clk 0:07:13]} Rd1+ {[%clk 0:19:53]} 35. Kf2
{[%clk 0:07:35]} Rd2+ {[%clk 0:20:19]} 36. Kg1 {[%clk 0:07:27]} Ne7
{[%clk 0:18:05]} 37. Rh8 {[%clk 0:06:55]} Kg7 {[%clk 0:18:13]} 38. Rb8
{[%clk 0:07:14]} Nc5 {[%clk 0:18:18]} 39. Rd8 {[%clk 0:06:24]} Nc6
{[%clk 0:17:57]} 40. Rc8 {[%clk 0:36:39]} Ne6 {[%clk 0:45:22]} 41. Bh3
{[%clk 0:35:09]} Ng5 {[%clk 0:45:08]} 42. Rc7+ {[%clk 0:34:58]} Kh6
{[%clk 0:45:14]} 43. Bg2 {[%clk 0:34:53]} Nd4 {[%clk 0:45:31]} 44. f4
{[%clk 0:34:27]} exf4 {[%clk 0:45:21]} 45. gxf4 {[%clk 0:34:47]} Ne2+
{[%clk 0:45:18]} 0-1

[Event "WYCC Girls U14"]
[Site "Porto Carras"]
[Date "2015.10.31"]
[Round "6.7"]
[White "Wang, Annie"]
[Black "Dolbieva, Ksenia"]
[Result "1/2-1/2"]
[BlackElo "1783"]
[WhiteElo "2087"]
[LiveChessVersion "1.4.6"]

1. d4 {[%clk 1:30:59]} d5 {[%clk 1:30:56]} 2. c4 {[%clk 1:31:23]} c6
{[%clk 1:31:23]} 3. Nc3 {[%clk 1:31:47]} Nf6 {[%clk 1:31:47]} 4. Nf3
{[%clk 1:32:11]} Bf5 {[%clk 1:32:09]} 5. cxd5 {[%clk 1:32:14]} cxd5
{[%clk 1:31:35]} 6. Qb3 {[%clk 1:32:17]} Qb6 {[%clk 1:30:12]} 7. Nxd5
{[%clk 1:26:42]} Qxb3 {[%clk 1:24:52]} 8. Nxf6+ {[%clk 1:27:00]} exf6
{[%clk 1:25:11]} 9. axb3 {[%clk 1:27:22]} Be6 {[%clk 1:22:24]} 10. e4
{[%clk 1:23:28]} Bxb3 {[%clk 1:21:56]} 11. Bb5+ {[%clk 1:20:54]} Nd7
{[%clk 1:21:22]} 12. d5 {[%clk 1:18:09]} Bc2 {[%clk 1:15:46]} 13. O-O
{[%clk 1:15:21]} a6 {[%clk 1:06:47]} 14. Re1 {[%clk 1:07:52]} Rc8
{[%clk 1:06:29]} 15. Bxd7+ {[%clk 1:03:21]} Kxd7 {[%clk 1:06:53]} 16. Bd2
{[%clk 1:02:07]} Bd6 {[%clk 1:06:18]} 17. Nd4 {[%clk 0:59:37]} Be5
{[%clk 1:02:36]} 18. Bc3 {[%clk 0:47:36]} Bxd4 {[%clk 1:01:31]} 19. Bxd4
{[%clk 0:47:06]} Rc4 {[%clk 1:00:34]} 20. Rac1 {[%clk 0:44:17]} Rxd4
{[%clk 0:57:15]} 21. Rxc2 {[%clk 0:44:36]} Re8 {[%clk 0:57:05]} 22. f3
{[%clk 0:42:12]} Rxd5 {[%clk 0:55:48]} 23. Rec1 {[%clk 0:42:23]} Rb5
{[%clk 0:55:23]} 24. Rd1+ {[%clk 0:40:33]} Ke6 {[%clk 0:54:43]} 25. f4
{[%clk 0:36:22]} Rb4 {[%clk 0:53:14]} 26. f5+ {[%clk 0:32:40]} Ke5
{[%clk 0:50:29]} 27. Rc7 {[%clk 0:23:14]} Rxe4 {[%clk 0:47:11]} 28. Rf1
{[%clk 0:17:29]} Rf4 {[%clk 0:41:46]} 29. Rxf7 {[%clk 0:13:59]} Kxf5
{[%clk 0:39:00]} 30. Rxg7 {[%clk 0:13:34]} Rxf1+ {[%clk 0:35:25]} 31. Kxf1
{[%clk 0:13:55]} b5 {[%clk 0:34:48]} 32. Rxh7 {[%clk 0:13:08]} Re4
{[%clk 0:34:21]} 33. Rh3 {[%clk 0:11:55]} Rb4 {[%clk 0:33:05]} 34. b3
{[%clk 0:11:03]} a5 {[%clk 0:33:03]} 35. Rf3+ {[%clk 0:07:52]} Kg5
{[%clk 0:29:17]} 36. g3 {[%clk 0:05:12]} f5 {[%clk 0:28:59]} 37. Kg2
{[%clk 0:04:42]} Kg4 {[%clk 0:26:06]} 38. Rd3 {[%clk 0:03:19]} a4
{[%clk 0:24:51]} 39. h3+ {[%clk 0:03:15]} Kg5 {[%clk 0:25:10]} 40. bxa4
{[%clk 0:33:38]} bxa4 {[%clk 0:55:30]} 41. Ra3 {[%clk 0:30:49]} Rb2+
{[%clk 0:55:46]} 42. Kf1 {[%clk 0:30:30]} Rb3 {[%clk 0:54:47]} 43. Rxa4
{[%clk 0:30:17]} Rxg3 {[%clk 0:55:13]} 44. h4+ {[%clk 0:30:15]} Kh5
{[%clk 0:54:11]} 45. Rf4 {[%clk 0:27:02]} Rg4 {[%clk 0:54:23]} 46. Rxf5+
{[%clk 0:24:52]} Kxh4 {[%clk 0:54:47]} 47. Kf2 {[%clk 0:24:21]} 1/2-1/2